A short history of queer women /

Đã lưu trong:
Chi tiết về thư mục
Tác giả chính: Loher, Kirsty
Định dạng: Sách
Ngôn ngữ:Tiếng Anh
Được phát hành: London : Oneworld, 2022
Các nhãn: Thêm thẻ
Không có thẻ, Là người đầu tiên thẻ bản ghi này!

MARC

LEADER 00000nam a22000007i 4500
001 IT\ICCU\UBO\4874690
003 ItRI
005 20260115232007.0
008 250424s2022 xxk|||||| ||||| |||||c
020 |a 9780861542840 
040 |b ita  |c importazione bologna sebina 
041 7 |a eng  |2 ISO-639-2 
100 1 |a Loher, Kirsty  |0 IT\ICCU\TSAV\686731 
240 1 2 |a A short history of queer women  |3 IT\ICCU\TSA\1841078  |9 Loher, Kirsty 
245 1 2 |a A short history of queer women /  |c Kirsty Loher. 
260 |a London :  |b Oneworld,  |c 2022 
300 |a 208 p. ;  |c 18 cm. 
942 |2 ddc  |c BK  |n 0 
952 |0 0  |1 0  |4 0  |6 L_306_766000000000000_LOH  |7 0  |9 18600  |a BO  |b BO  |d 2026-01-15  |i 20611  |l 0  |o L 306.766 LOH  |p BO20611  |r 2026-01-15 23:20:07  |w 2026-01-15  |x [Sebina 5] [1 v.]  |y BK  |z 1 v. 
999 |c 15764  |d 15764